[Event "Stay Safe Play From Home 310"]
[Site "Emanuel Lasker Arena"]
[Date "2020.07.17"]
[Round "6"]
[White "Greblah"]
[Black "Grizzzly"]
[Result "0-1"]
[WhiteElo "1866"]
[BlackElo "1887"]
[Annotator "NA RC"]
[PlyCount "52"]
[EventDate "2020.07.17"]
[EventType "swiss (blitz)"]

1. e4 {[%emt 0:00:01]} c5 {[%emt 0:00:02]} 2. Nc3 {[%emt 0:00:01]} Nc6 {[%emt 0:00:01]} 3. g3 {[%emt 0:00:00]} d6 {[%emt 0:00:00]} 4. Bg2 {[%emt 0:00:00]} e6 {[%emt 0:00:00]} 5. d3 {[%emt 0:00:00]} a6 {[%emt 0:00:01]} 6. Be3 {[%emt 0:00:00]} Nf6 {[%emt 0:00:02]} 7. h3 {[%emt 0:00:01]} Be7 {[%emt 0:00:00]} 8. f4 {[%emt 0:00:01]} O-O {[%emt 0:00:00]} 9. Nf3 {[%emt 0:00:00]} Qc7 {[%emt 0:00:00]} 10. O-O {[%emt 0:00:00]} b5 {[%emt 0:00:00]} 11. g4 {[%emt 0:00:01]} Bb7 {[%emt 0:00:00]} 12. f5 {[%emt 0:00:01]} Ne5 {[%emt 0:00:02]} 13. Nxe5 {[%emt 0:00:01]} dxe5 {[%emt 0:00:01]} 14. g5 {[%emt 0:00:01]} Nd7 {[%emt 0:00:04]} 15. f6 {[%emt 0:00:01]} gxf6 {[%emt 0:00:01]} 16. gxf6 {[%emt 0:00:01]} Bxf6 {[%emt 0:00:00]} 17. Qg4+ {[%emt 0:00:01]} Kh8 {[%emt 0:00:01]} 18. Bh6 {[%emt 0:00:02]} Rg8 {[%emt 0:00:01]} 19. Qh5 {[%emt 0:00:01]} c4 {[%emt 0:00:04]} 20. Rad1 {[%emt 0:00:03]} cxd3 {[%emt 0:00:02]} 21. Rxd3 {[%emt 0:00:01]} Nc5 {[%emt 0:00:01]} 22. Rdf3 {[%emt 0:00:01]} Nxe4 {[%emt 0:00:04]} 23. Nxe4 {[%emt 0:00:08]} Bxe4 {[%emt 0:00:02]} 24. Kh1 {[%emt 0:00:10]} Bxf3 {[%emt 0:00:04]} 25. Rxf3 {[%emt 0:00:02]} Qxc2 {[%emt 0:00:02]} 26. Rxf6 {[%emt 0:00:02]} Qxg2# {[%emt 0:00:02] (Lag: Av=0.31s, max=0.4s)} 0-1

[Event "Stay Safe Play From Home 310"]
[Site "Emanuel Lasker Arena"]
[Date "2020.07.17"]
[Round "6"]
[White "Haris kollari 13"]
[Black "Klasman"]
[Result "1-0"]
[WhiteElo "1637"]
[BlackElo "1305"]
[Annotator "NA"]
[PlyCount "47"]
[EventDate "2020.07.17"]
[EventType "swiss (blitz)"]

1. e4 {[%emt 0:00:01]} f5 {[%emt 0:00:13]} 2. e5 {[%emt 0:00:02]} d6 {[%emt 0:00:01]} 3. d4 {[%emt 0:00:02]} dxe5 {[%emt 0:00:01]} 4. dxe5 {[%emt 0:00:01]} Qxd1+ {[%emt 0:00:01]} 5. Kxd1 {[%emt 0:00:00]} Nc6 {[%emt 0:00:02]} 6. f4 {[%emt 0:00:02]} e6 {[%emt 0:00:01]} 7. Nf3 {[%emt 0:00:01]} Nge7 {[%emt 0:00:02]} 8. Bb5 {[%emt 0:00:01]} Bd7 {[%emt 0:00:03]} 9. Be3 {[%emt 0:00:01]} O-O-O {[%emt 0:00:02]} 10. Nbd2 {[%emt 0:00:01]} Nb4 {[%emt 0:00:05]} 11. Bxd7+ {[%emt 0:00:02]} Rxd7 {[%emt 0:00:01]} 12. a3 {[%emt 0:00:01]} Nbd5 {[%emt 0:00:02]} 13. Ke2 {[%emt 0:00:02]} Nxe3 {[%emt 0:00:02]} 14. Kxe3 {[%emt 0:00:01]} Nd5+ {[%emt 0:00:01]} 15. Kf2 {[%emt 0:00:02]} Bc5+ {[%emt 0:00:03]} 16. Kg3 {[%emt 0:00:01]} h5 {[%emt 0:00:02]} 17. Ng5 {[%emt 0:00:01]} h4+ {[%emt 0:00:02]} 18. Kf3 {[%emt 0:00:01]} Rh5 {[%emt 0:00:04]} 19. Nb3 {[%emt 0:00:01]} Rxg5 {[%emt 0:00:01]} 20. fxg5 {[%emt 0:00:03]} Bb6 {[%emt 0:00:03]} 21. Rad1 {[%emt 0:00:02]} c6 {[%emt 0:00:04]} 22. c4 {[%emt 0:00:01]} Ne7 {[%emt 0:00:04]} 23. Rxd7 {[%emt 0:00:01]} Kxd7 {[%emt 0:00:01]} 24. Rc1 {[%emt 0:00:00] Time (Lag: Av=0.47s, max=0.8s)} 1-0

[Event "Stay Safe Play From Home 310"]
[Site "Emanuel Lasker Arena"]
[Date "2020.07.17"]
[Round "7"]
[White "Hetou"]
[Black "Lazieri3"]
[Result "1-0"]
[WhiteElo "2535"]
[BlackElo "2182"]
[Annotator "TA"]
[PlyCount "67"]
[EventDate "2020.07.17"]
[EventType "swiss (blitz)"]

{[%evp 13,67,18,22,-6,2,-19,-17,-17,16,13,18,8,8,0,0,0,0,-6,10,0,0,-34,-22,-41,0,-31,0,-36,-32,-50,-53,-98,-28,-100,-87,-105,-20,-137,0,-110,-114,-177,-66,-63,168,181,1004,613,1020,767,1637,1610,1353,908,29996,-3792]} 1. e4 c6 2. d4 d5 3. e5 Bf5 4. Nc3 e6 5. g4 Bg6 6. Nge2 h6 7. Nf4 Bh7 8. Bd3 {B12: Caro-Kann: Advance Variation.} Bxd3 9. cxd3 Nd7 10. Be3 {[#] The position is equal.} c5 $146 ({Predecessor:} 10... Bb4 11. a3 Ba5 12. Nh5 g6 13. Ng3 Nxe5 14. dxe5 d4 15. Nge4 dxe3 16. Nd6+ Kf8 17. fxe3 Bxc3+ 18. bxc3 {½-½ (47) Tanti,J (1518)-Kalinin,V (1471) LSS email 2012}) 11. dxc5 $1 Bxc5 {Strongly threatening ...d4.} 12. d4 Bb4 13. h4 Bxc3+ 14. bxc3 Ne7 15. Rc1 Nc6 16. h5 Na5 17. Nh3 Nc4 18. Qf3 Nxe3 19. Qxe3 (19. fxe3 {is interesting.} Rc8 20. Qg3 Qe7 21. O-O O-O 22. g5) 19... Qc7 20. Rg1 O-O-O 21. g5 hxg5 22. Nxg5 Rdf8 (22... Nb6 $1 $17) 23. Qf3 (23. c4 $1 $11 Kb8 24. cxd5 Qa5+ {[%mdl 64] Double Attack} 25. Kf1) 23... Nb6 24. Nh3 Rh7 (24... f6 $17 25. Qg4 fxe5) 25. Ng5 {[#]} (25. Nf4 $11 {keeps the balance.} Rfh8 26. Rb1) 25... Rhh8 (25... Rh6 $1 $17 26. Rg3 Nc4) 26. Rg3 (26. Nh3 $11 {was the only way to keep the balance.}) 26... Nc4 $17 27. Nh3 {[#]} (27. Qg4 $17 {keeps fighting.}) 27... Rh7 (27... g6 $1 $19 {[%mdl 512]} 28. hxg6 fxg6) 28. Nf4 $15 {And now Nxe6! would win.} Qa5 $2 {[#] A mistake that costs the game.} (28... Rfh8 $15) 29. Nxe6 $1 $18 {[%mdl 576] Double Attack, Pin} Re8 $2 (29... Qa3 30. Nxf8 Qxc1+ 31. Qd1 Rxh5 32. Qxc1 Rh1+ 33. Ke2 Rxc1) (29... fxe6 30. Qxf8+) 30. Nc5 Qxa2 {White must now prevent ...Qd2+.} 31. Rd1 f6 32. Qf5+ {[%mdl 64] Double Attack} Kb8 {[#]} 33. Qd7 $1 {[%csl Gc5][%cal Rd7b7][%mdl 576] Double Attack} Qb2 34. Qc8+ $4 {[%mdl 40960] Accuracy: White = 41%, Black = 35%. . Loss on time!?} (34. Qxe8+ Kc7 35. Qd7+ {[%mdl 64] Double Attack} Kb6 36. Qxb7+ Ka5 37. Qa6#) 1-0

[Event "Stay Safe Play From Home 310"]
[Site "Emanuel Lasker Arena"]
[Date "2020.07.17"]
[Round "7"]
[White "Little champs"]
[Black "Broken sword"]
[Result "1/2-1/2"]
[WhiteElo "2272"]
[BlackElo "2456"]
[Annotator "TA"]
[PlyCount "91"]
[EventDate "2020.07.17"]
[EventType "swiss (blitz)"]

{[%evp 14,91,15,-36,-27,-39,-12,-23,-26,-50,-54,-192,-45,-52,-63,-71,-67,-70,-75,-70,-39,-77,-77,-65,-72,-66,-47,-52,-39,-43,-30,-73,-29,-74,-77,-66,-8,-8,-9,-28,-24,-35,-18,-29,-23,-23,-23,-49,-43,-57,-45,-57,0,-38,-35,-68,-55,-53,-26,-55,-33,-67,-22,-100,-100,-100,-100,-113,-100,-114,-100,-110,0,0,0,-120,-90,-112,0,-120]} 1. d4 d5 2. e3 c6 3. Nf3 Nf6 4. Be2 Bf5 5. O-O e6 6. c4 Nbd7 7. Nc3 Bd6 8. cxd5 (8. Nh4 $11) 8... exd5 $15 {D12: Slav Defence: 3 Nf3 Nf6 4 e3 Bf5.} 9. Bd3 Bg4 10. h3 Bh5 {Black has an edge.} 11. g4 Bg6 12. Re1 {[#]} ({White should play} 12. Qc2 $15) 12... O-O {[#]} (12... Ne4 $1 $19 {aiming for ...f5.} 13. Bxe4 dxe4) 13. e4 $146 ({Predecessor:} 13. Nh4 Be4 14. Nf5 Bc7 15. Bxe4 Nxe4 16. Nxe4 dxe4 17. Kg2 g6 18. Ng3 Qe7 {½-½ (18) Chuldum,A (2098)-Oorzhak,N (2104) Kyzyl 2007}) 13... dxe4 14. Nxe4 Nxe4 15. Bxe4 Bxe4 16. Rxe4 Re8 17. Qd3 Rxe4 18. Qxe4 Nf6 19. Qd3 Nd5 20. Bd2 Qd7 21. Re1 Re8 22. Re4 Nf6 23. Re2 Rxe2 24. Qxe2 Qe7 (24... h5 $15 25. g5 Nd5) 25. Qxe7 $11 Bxe7 {[%mdl 4096] Endgame KBN-KBN} 26. a3 Nd5 27. Kf1 Bd6 28. Ke2 f6 29. Kd3 Kf7 30. Kc4 Ke6 31. Be3 Bc7 32. Nd2 Bd6 (32... Bf4 $15 33. Kd3 f5) 33. Ne4 Be7 34. b4 b5+ 35. Kd3 a6 36. Bd2 g6 37. f4 f5 38. gxf5+ (38. Nc5+ $11 {keeps the balance.} Kf7 39. Nd7) 38... Kxf5 $17 39. Ng3+ Ke6 40. Ke4 Nf6+ 41. Kd3 Bd6 42. Ne2 Kf5 43. Ng3+ Ke6 44. Ne2 $1 Nd5 45. Ke4 Nf6+ 46. Kd3 {Accuracy: White = 54%, Black = 63%.} 1/2-1/2

[Event "Stay Safe Play From Home 310"]
[Site "Emanuel Lasker Arena"]
[Date "2020.07.17"]
[Round "7"]
[White "Lamborghini"]
[Black "AChessPlayer"]
[Result "1-0"]
[WhiteElo "2176"]
[BlackElo "2443"]
[Annotator "TA"]
[PlyCount "107"]
[EventDate "2020.07.17"]
[EventType "swiss (blitz)"]

{[%evp 16,107,18,12,25,22,473,472,471,434,479,477,474,477,472,464,517,516,511,486,491,490,543,512,516,508,547,547,547,539,577,553,581,568,585,564,812,812,774,743,785,783,712,655,650,621,541,384,380,75,382,355,387,384,397,414,418,404,440,431,29991,29992,29992,612,1692,1368,3008,1994,29991,29992,29992,29993,29993,29994,29994,29995,29995,29984,29984,29985,29985,29985,29984,29985,29985,29982,29984,29979,29978,29978,29979,29980,29978,29975]} 1. e4 c6 2. d4 d5 3. Nc3 dxe4 4. Nxe4 Nf6 5. Nxf6+ exf6 6. Bc4 Bd6 7. Qe2+ Qe7 8. Qxe7+ Kxe7 9. Ne2 Re8 {B15: Caro-Kann: 3 Nc3: 3...g6 and 3...dxe4 4 Nxe4 Nf6 5 Nxf6+ exf6.} 10. Bf4 {[#]} Kf8 $146 {[%mdl 8192]} (10... Bxf4 $11 11. Nxf4 Bf5) ({Predecessor:} 10... Be6 11. Bd3 Nd7 12. O-O-O Nb6 13. Bxd6+ Kxd6 14. b3 Nd5 15. c4 Nb4 16. Nc3 Nxd3+ 17. Rxd3 {1-0 (46) Triapishko,A (2519)-Muthaiah,A (2384) Madurai 2019}) 11. Bxd6+ $18 Kg8 {White is clearly winning.} 12. Bg3 Nd7 13. O-O-O Nb6 14. Bd3 Nd5 15. Rhe1 f5 16. Nf4 {[%cal Re1e8] [#]} Be6 17. Nxe6 fxe6 18. c4 Nb4 19. a3 Nxd3+ 20. Rxd3 Rac8 21. Be5 Kf7 22. f4 g6 23. Red1 b6 24. Kb1 Red8 25. h4 h5 26. d5 exd5 27. cxd5 c5 28. d6 Rd7 29. Bc3 Re8 30. Kc2 Re4 31. Kd2 Rxf4 32. Re3 $2 (32. Ke2 $18 {has better winning chances.}) 32... Rxh4 $2 {[%mdl 8192]} (32... Rxd6+ $16 {is tougher.} 33. Rd3 Rxd3+ 34. Kxd3 Rxh4) 33. Ke2 Rc4 34. Kf2 b5 35. Rde1 {Re7+ would kill now.} Rf4+ 36. Kg3 Rg4+ 37. Kf3 {Threatening mate with Re7+.} b4 (37... Re4 $18 38. Rxe4 fxe4+ 39. Kxe4 Rxd6 40. Rf1+ Ke7) 38. Re7+ Rxe7 39. dxe7 {[%mdl 4096] Endgame KRB-KR} (39. Rxe7+ $142 Kf8 40. Bg7+ Kg8 41. d7 Rg3+ {[%mdl 64] Decoy} 42. Kxg3 h4+ 43. Kxh4 g5+ 44. Kxg5 bxa3 45. d8=Q+ {[%mdl 64] Discovered Attack} Kh7 46. Bh8#) 39... Ke8 40. axb4 cxb4 41. Bf6 {Intending Rd1 and mate.} Rc4 42. Rd1 {White mates.} Re4 43. Rd8+ Kf7 44. Rf8+ Ke6 45. e8=Q+ {[%mdl 64] [#] Double Attack} Kd5 46. Qxe4+ fxe4+ 47. Ke3 a5 48. Bg5 a4 49. Rb8 Kc4 50. Kd2 Kb3 51. Kc1 Kc4 52. Kc2 a3 53. bxa3 bxa3 54. Ra8 {Black got outplayed after the opening. Accuracy: White = 77%, Black = 36%.} 1-0

[Event "Stay Safe Play From Home 310"]
[Site "Emanuel Lasker Arena"]
[Date "2020.07.17"]
[Round "7"]
[White "Bardellosport"]
[Black "Haris kollari 13"]
[Result "0-1"]
[WhiteElo "1990"]
[BlackElo "1641"]
[Annotator "NA"]
[PlyCount "80"]
[EventDate "2020.07.17"]
[EventType "swiss (blitz)"]

1. d4 {[%emt 0:00:01]} e6 {[%emt 0:00:00]} 2. e3 {[%emt 0:00:00]} d5 {[%emt 0:00:00]} 3. f4 {[%emt 0:00:00]} c5 {[%emt 0:00:01]} 4. Nf3 {[%emt 0:00:00]} f5 {[%emt 0:00:01]} 5. c3 {[%emt 0:00:00]} Nf6 {[%emt 0:00:01]} 6. Bd3 {[%emt 0:00:00]} c4 {[%emt 0:00:01]} 7. Ne5 {[%emt 0:00:00]} cxd3 {[%emt 0:00:02]} 8. Qxd3 {[%emt 0:00:00]} Nc6 {[%emt 0:00:02]} 9. Qe2 {[%emt 0:00:00]} Nxe5 {[%emt 0:00:01]} 10. fxe5 {[%emt 0:00:01]} Ne4 {[%emt 0:00:01]} 11. O-O {[%emt 0:00:00]} g6 {[%emt 0:00:01]} 12. b3 {[%emt 0:00:01]} Bd7 {[%emt 0:00:01]} 13. c4 {[%emt 0:00:00]} Bc6 {[%emt 0:00:04]} 14. c5 {[%emt 0:00:01]} Be7 {[%emt 0:00:01]} 15. Nd2 {[%emt 0:00:01]} O-O {[%emt 0:00:01]} 16. b4 {[%emt 0:00:04]} Qd7 {[%emt 0:00:01]} 17. Qd1 {[%emt 0:00:03]} Bb5 {[%emt 0:00:01]} 18. Re1 {[%emt 0:00:02]} Nc3 {[%emt 0:00:01]} 19. Qf3 {[%emt 0:00:04]} a5 {[%emt 0:00:02]} 20. bxa5 {[%emt 0:00:03]} Rxa5 {[%emt 0:00:02]} 21. h4 {[%emt 0:00:02]} Bxh4 {[%emt 0:00:03]} 22. g3 {[%emt 0:00:04]} Be7 {[%emt 0:00:01]} 23. e4 {[%emt 0:00:02]} Nxe4 {[%emt 0:00:01]} 24. Qf4 {[%emt 0:00:01]} Nxd2 {[%emt 0:00:02]} 25. Bxd2 {[%emt 0:00:01]} Ra6 {[%emt 0:00:02]} 26. Bb4 {[%emt 0:00:02]} Rfa8 {[%emt 0:00:02]} 27. a3 {[%emt 0:00:00]} Bc4 {[%emt 0:00:02]} 28. Rac1 {[%emt 0:00:01]} b6 {[%emt 0:00:01]} 29. cxb6 {[%emt 0:00:02]} Bxb4 {[%emt 0:00:02]} 30. axb4 {[%emt 0:00:01]} Rxb6 {[%emt 0:00:01]} 31. g4 {[%emt 0:00:01]} Rxb4 {[%emt 0:00:02]} 32. gxf5 {[%emt 0:00:01]} exf5 {[%emt 0:00:01]} 33. e6 {[%emt 0:00:01]} Qe7 {[%emt 0:00:00]} 34. Qe5 {[%emt 0:00:03]} Ra6 {[%emt 0:00:01]} 35. Re3 {[%emt 0:00:04]} Rbb6 {[%emt 0:00:01]} 36. Qf4 {[%emt 0:00:02]} Rxe6 {[%emt 0:00:02]} 37. Rg3 {[%emt 0:00:00]} Re1+ {[%emt 0:00:02]} 38. Rxe1 {[%emt 0:00:01]} Qxe1+ {[%emt 0:00:00]} 39. Kg2 {[%emt 0:00:01]} Ra2+ {[%emt 0:00:01]} 40. Kh3 {[%emt 0:00:01]} Qh1# {[%emt 0:00:01] (Lag: Av=0.35s, max=0.6s)} 0-1

[Event "Stay Safe Play From Home 310"]
[Site "Emanuel Lasker Arena"]
[Date "2020.07.17"]
[Round "7"]
[White "Grizzzly"]
[Black "Mepe_Nika"]
[Result "0-1"]
[WhiteElo "1903"]
[BlackElo "2350"]
[Annotator "TA"]
[PlyCount "40"]
[EventDate "2020.07.17"]
[EventType "swiss (blitz)"]

{[%evp 11,40,12,22,-8,17,0,0,0,0,0,-6,-115,-5,-5,-5,-12,-9,-9,-9,-11,-9,-125,-122,-1760,-1763,-1695,-977,-1772,-306,-1589,-1554]} 1. Nf3 d5 2. g3 c6 3. Bg2 Bf5 4. O-O e6 5. d3 h6 6. Nbd2 Nf6 7. e4 {A07: Réti Opening: New York and Capablanca Systems.} Bh7 {[#]} 8. exd5 $146 ({Predecessor:} 8. Qe2 Be7 9. h3 O-O 10. Nh2 c5 11. c3 Nc6 12. Re1 Qb6 13. Kh1 Qa6 14. f4 {0-1 (50) Muse,M (2443)-Hammer,J (2601) Germany 2012}) 8... cxd5 9. Re1 {The position is equal.} Be7 10. Ne5 Nc6 11. c3 (11. Ndf3 $11) 11... O-O (11... Nxe5 $17 12. Rxe5 Bxd3) 12. d4 $11 Nd7 13. Ndf3 Ndxe5 14. Nxe5 Nxe5 15. dxe5 Bc5 16. Bd2 (16. Qe2 $11 {remains equal.}) 16... Qb6 $17 17. Qc2 $2 {[%mdl 8192] Loses the game.} (17. Be3 $17) 17... Bxf2+ $19 {[%mdl 64] [#] Double Attack} 18. Kh1 Bxe1 19. Rxe1 d4 $2 (19... Bxc2 20. Bc1 Qf2) 20. cxd4 $2 (20. Qb3) 20... Bxc2 {Accuracy: White = 34%, Black = 52%.} 0-1

[Event "Stay Safe Play From Home 310"]
[Site "Emanuel Lasker Arena"]
[Date "2020.07.17"]
[Round "7"]
[White "Klasman"]
[Black "Haxhi Baha"]
[Result "0-1"]
[WhiteElo "1301"]
[BlackElo "1943"]
[Annotator "TA"]
[PlyCount "52"]
[EventDate "2020.07.17"]
[EventType "swiss (blitz)"]

{[%evp 9,52,0,26,23,60,61,73,-5,-16,0,19,-13,32,0,67,52,52,40,27,20,30,-76,130,26,31,0,0,-13,7,-27,0,7,29,-53,-64,-65,-69,-66,-62,-47,-48,-186,-172,-314,-283]} 1. f4 e5 2. fxe5 d6 3. Nf3 Bg4 4. e4 Nc6 5. Bc4 dxe5 6. d3 {C30: King's Gambit Declined.} Bxf3 7. Qxf3 {[%csl Gc4][%cal Rf3f7] [#]} Nf6 {[#]} 8. Bg5 $146 ({White should play} 8. c3 $16) ({Predecessor:} 8. c3 h6 9. Be3 Qd7 10. O-O Bd6 11. b4 Ne7 12. Nd2 Ng6 13. g3 O-O 14. Bxh6 {1-0 (35) Fendrich,Z-Tamas,A Hungary 2007}) 8... Nd4 $11 9. Qd1 Be7 10. O-O h6 (10... b5 $5 {[%cal Rb5c4]} 11. Bb3 a5 $11) 11. Bh4 (11. Bxf6 $5 Bxf6 12. Nd2 $11) 11... Qd6 (11... b5 $11 12. Bb3 O-O) 12. c3 Ne6 13. Nd2 O-O-O 14. Nf3 Kb8 15. Bg3 (15. Qe1 $11 {keeps the balance.}) 15... Nd7 $2 {[#]} (15... Nxe4 $1 $17 {keeps the pressure on.} 16. dxe4 Qc5+ {[%mdl 64] Double Attack} 17. Bf2 Rxd1 18. Bxc5 Bxc5+ 19. Kh1 Rxa1 20. Rxa1 Bd6) 16. Bxe6 (16. d4 $16) 16... Qxe6 17. Qb3 (17. b4 {is interesting.} Bg5 18. Qc2 Bf4 19. Bxf4 exf4 20. a4) 17... Qxb3 18. axb3 f6 19. Bf2 a6 {[%cal Ba7a6,Ba6b5][%mdl 32]} 20. b4 Nb6 21. b5 (21. Bxb6 $11 cxb6 22. Rad1) 21... axb5 $15 22. Bxb6 cxb6 23. d4 exd4 24. cxd4 Rc8 25. d5 (25. Rf2 $15) 25... Rc2 26. Ra2 (26. Rab1 $142) 26... Bc5+ {Accuracy: White = 25%, Black = 63%.} 0-1

[Event "Stay Safe Play From Home 310"]
[Site "Emanuel Lasker Arena"]
[Date "2020.07.17"]
[Round "8"]
[White "Hetou"]
[Black "Greblah"]
[Result "1-0"]
[WhiteElo "2539"]
[BlackElo "1850"]
[Annotator "TA"]
[PlyCount "53"]
[EventDate "2020.07.17"]
[EventType "swiss (blitz)"]

{[%evp 9,52,-8,-8,-6,8,4,13,4,16,11,12,9,42,10,55,37,31,24,67,62,292,295,280,267,362,358,323,146,121,41,41,-568,-547,-619,-604,-651,-361,-345,-299,-722,58,87,70,76,29999]} 1. f4 c6 2. Nf3 d5 3. e3 Nf6 4. g3 Bf5 5. Bg2 e6 6. d3 {A03: Bird's Opening with 1...d5.} Be7 7. Nbd2 {[#]} h6 $146 ({Predecessor:} 7... Qb6 8. Qe2 O-O 9. h3 h6 10. O-O Bh7 11. Kh2 Nbd7 12. b3 a5 13. e4 Nc5 {1-0 (41) Rubil,M (2221)-Saric,L (1880) Hum na Sutli 2013}) 8. Qe2 {The position is equal.} O-O 9. b3 Nbd7 10. Bb2 b6 11. h3 c5 12. g4 Bh7 13. g5 Ne8 {[%cal Rh6g5]} 14. h4 f6 $2 (14... Rc8 $14) 15. gxh6 $18 gxh6 16. Bh3 f5 17. Rg1+ Kf7 {[#]} 18. Ne5+ ({Inferior is} 18. Qg2 Rg8 $15) (18. Nd4 $1 $18 {[%mdl 512] White threatens Qh5+ and mate.} Bxh4+ (18... cxd4 19. Qh5+) 19. Kd1 cxd4 20. Qh5+ {[%mdl 64] Double Attack} Ke7 21. Ba3+ (21. Qxh4+ Nef6 $18) (21. Qxh6 Bf6 $17) 21... Nc5 22. Qxh4+ Kd7 23. Qxh6) 18... Nxe5 $16 19. Qh5+ ({Worse is} 19. fxe5 Bxh4+ 20. Kd1 Bg5 $15) (19. Bxe5 $16 {Intending Qh5+ and mate.} Bxh4+ 20. Kf1) 19... Bg6 $14 20. Rxg6 $4 {[%mdl 8192]} (20. Qxh6 $14 {was forced to keep a grip.} Ng4 21. Bxg4 Bxh4+ 22. Ke2) 20... Nxg6 $19 21. Nf3 Bf6 22. Be5 Ng7 23. Qxh6 {White wants to play Ng5+.} Bxe5 ({Weaker is} 23... Nxh4 24. Ng5+ Bxg5 25. Qxg7+ Ke8 26. fxg5 $19) (23... Bxh4+ 24. Ke2 $17) 24. Ng5+ $2 {[#]} (24. fxe5 Nxh4 25. Qxh4 Qxh4+ 26. Nxh4) 24... Kf6 $2 (24... Qxg5 $1 $19 25. Qxg5 (25. fxg5 Rh8) 25... Bf6) 25. fxe5+ $14 Kxe5 {Threatens to win with ...Qf6.} 26. Qxg7+ Qf6 $2 {[%mdl 8192]} (26... Kd6 $16 27. Qxg6 Rf6) 27. Qc7# {Accuracy: White = 61%, Black = 36%.} 1-0

[Event "Stay Safe Play From Home 310"]
[Site "Emanuel Lasker Arena"]
[Date "2020.07.17"]
[Round "8"]
[White "Broken sword"]
[Black "Lamborghini"]
[Result "0-1"]
[WhiteElo "2448"]
[BlackElo "2204"]
[Annotator "TA"]
[PlyCount "140"]
[EventDate "2020.07.17"]
[EventType "swiss (blitz)"]

{[%evp 10,139,-5,-4,0,-7,10,9,21,0,0,0,5,-11,-1,-14,-12,-18,0,0,7,-35,0,-23,62,16,18,21,22,4,13,-18,0,-12,26,24,27,22,16,0,16,14,19,14,8,8,15,0,9,0,12,0,179,73,72,72,72,67,118,44,91,0,0,17,41,0,10,0,40,9,8,0,0,0,0,-24,0,-23,0,0,0,-122,-103,-150,-135,-245,-244,-338,-338,-331,-326,-318,-317,-292,-264,-378,-278,-220,-144,-407,-380,-380,-351,-946,-961,-1011,-975,-952,-946,-2645,-6097,-6087,-6211,-29979,-29979,-29980,-29981,-29983,-29975,-29972,-29973,-29993,-29962,-29958,-29959,-29968,-29941,-12829,-12838,-29998,-29999,-29999]} 1. d4 Nf6 2. Nf3 e6 3. c3 b6 4. Bg5 Bb7 5. Nbd2 Be7 6. e3 O-O {A46: 1 d4 Nf6 2 Nf3 e6: Torre, London and Colle Systems.} 7. Bd3 d6 8. Qe2 Nbd7 {The position is equal.} 9. Ba6 Bxa6 10. Qxa6 {[#]} Qc8 $146 ({Predecessor:} 10... Nh5 11. Bxe7 Qxe7 12. Qb7 Nhf6 13. O-O Rfb8 14. Qa6 b5 15. c4 bxc4 16. Qxc4 c5 {½-½ (25) Strebkovs,A (2324)-Kearns,C (2158) Brno 2013}) 11. Qxc8 Rfxc8 12. O-O c5 13. Rfe1 c4 14. e4 h6 15. Bh4 (15. Bxf6 $5 Nxf6 16. g3 $11) 15... Kf8 16. Rac1 e5 ({Black should try} 16... g5 $11 17. Bg3 g4) 17. dxe5 Nxe5 18. Nxe5 dxe5 19. Bxf6 Bxf6 20. Nf1 Be7 21. Ne3 Bc5 22. Nd5 b5 23. Kf1 a5 24. a3 Rab8 25. Red1 Rc6 26. Rc2 f6 27. Ke2 Kf7 28. Kf3 Ke6 29. Ke2 Rb7 30. f3 b4 $2 (30... g6 $11) 31. axb4 (31. cxb4 $18 {and the rest is easy.} Bd4 32. bxa5) 31... axb4 $16 32. cxb4 Bxb4 33. Rdc1 Bd6 {[#]} (33... Bc5 $14) 34. Ra1 (34. b4 $1 $16) 34... f5 {[#]} 35. Ra8 (35. b4 $1 $16 {[%mdl 512]}) 35... fxe4 $11 36. fxe4 Kf7 37. Rd8 Rb3 38. Ra8 Rd3 39. Ra2 Rd4 40. Nc3 Bb4 41. Ra7+ Kg6 42. Ke3 Bxc3 (42... Bc5 {keeps more tension.} 43. Ra4 h5 44. g3 Rf6 45. Ke2 Rf2+) 43. Rxc3 {[%mdl 4096] Endgame KRR-KRR} Rcd6 44. Rc7 Rd3+ 45. Ke2 (45. Rxd3 $11 Rxd3+ 46. Kf2) 45... Rd2+ $17 46. Ke3 Rxg2 47. R7xc4 (47. R3xc4 $17 {was called for.} Rxh2 48. R7c5) 47... Rxh2 $19 ({Don't play} 47... Rxb2 48. Rc2 $17) 48. Rc6 Rh3+ 49. Ke2 Rxc6 50. Rxc6+ {KR-KR} Kg5 51. b4 Kf4 52. b5 (52. Rg6 $142 Rb3 53. Rxg7 Rxb4 54. Rh7 Rxe4+ 55. Kf2) 52... Kxe4 53. Rc4+ Kd5 54. Rc1 $2 {[%mdl 8192] This costs White the game.} (54. Rg4 $17) 54... Rh2+ 55. Kd3 Rb2 56. Rc8 $2 (56. Rc7 e4+ 57. Kc3 Rxb5 58. Rxg7) 56... Rb3+ 57. Kc2 Rxb5 {Threatens to win with ...Rc5+.} 58. Rd8+ Ke4 59. Re8 Rd5 60. Kc3 g5 61. Kc4 Rd4+ 62. Kc3 g4 63. Rh8 Rd3+ 64. Kc2 Rh3 65. Rxh6 Kd4 66. Rg6 e4 67. Kd2 Rh2+ 68. Ke1 Ke3 {[%cal Rh2h1]} 69. Rxg4 Rh1+ 70. Rg1 Rxg1# {Accuracy: White = 53%, Black = 79%.} 0-1